| 000 | 00756nam a22001817a 4500 | ||
|---|---|---|---|
| 999 |
_c13077 _d13077 |
||
| 003 | AR-CdUCM | ||
| 008 | 190411b ||||| |||| 00| 0 spa d | ||
| 040 |
_aMUNICIPALIDAD PROVINCIAL DEL CUSCO _cBIBLIOTECA MUNICIPAL DEL CUSCO |
||
| 082 |
_aEP / 372 / _bG77 |
||
| 110 |
_aJohannah Gilman Paiva. _931274 |
||
| 245 |
_aEl gran libro de lo asombroso : _bMonstruos de las profundidades, el universo, volcanes, animales prehistóricos y tornados / |
||
| 260 |
_aMéxico : _bJohannah Gilman Paiva. _c2015. |
||
| 300 |
_a162 páginas ; _c29 cm. |
||
| 505 | _aContenido :Monstruos de las profundidades -- El universo -- Volcanes -- Animales prehistóricos -- Tornados ... | ||
| 650 |
_aHistoria infantil _931275 |
||
| 942 |
_2ddc _cLIBROS |
||
| 945 |
_arum _d2019-04-11 |
||